000
00266 a2200109 4500
001
51150
040
_c
Anchieta - Pituba
240
1
0
_a
Die Rinnsteipiraten
_l
245
1
0
_a
Die Rinnsteipiraten
650
4
_a
Línguas germânicas (teutônicas) língua alemã
942
_c
MX
999
_c
51150
_d
51150